000
00311nam a22001337a 4500
020
_a
817826464-1
082
_a
823
_b
BUR/S
100
_a
FRANCES HODGSON BURNETT
245
_a
THE SECRET GARDEN
260
_a
DELHI
_b
ROHAN BOOK COMPANY
_c
2003
300
_a
223
650
_a
MODERN ILLUSTRATED CLASSICS
942
_c
BK
999
_c
337
_d
337